00743nam a22001817a 4500003000900000008004100009020002200050040007100072082002000143100002800163245006300191260003000254300002800284505016700312650002600479650002600505650003000531AR-CdUCM190430b ||||| |||| 00| 0 spa d a978-612-00-0987-1 aMUNICIPALIDAD PROVINCIAL DEL CUSCOcBIBLIOTECA MUNICIPAL DEL CUSCO a352.350 /bP116 aPacheco Farfán, Zaida aEl proceso de control gubernamental en el Estado peruano / aCusco :bEditores,c2012. a285 páginas ;c20 cm. aContenido: A manera de una visión integral -- Imposición de estructuras de control colonial -- Hacia la modernización del control en la gestión publica... aControl gubernamental aEnsayos, conferencias aAuditoría gubernamental